00846nas a2200229Ia 4500001001100000003000900011008004100020040001300061040001300074041001300087100004400100210002000144222002000164245010000184250001100284260002800295501008600323300001900409362004300428500010900471650003600580R012/42587IT-RoPAU151124c99999999xx |||||||||||| ||und|| aIT-RoPAU cIT-RoPAU aITALIANO aGalosi FaustogCodice Aut. SPICS: 24128 aCINEMA & CINEMA aCinema & Cinema aCINEMA & CINEMA, ANNO 06-N.21 (OTTOBRE-DICEMBRE 1979)bTwo-Lane Blacktop: un Road Movie Funereo a1a ed. aVENEZIAbMARSILIOc1979 bPaulus - SPICS - Società San Paolo EM (non-commercial uses only)cCopyright2015 a8 p. [121-128] aANNO 006, N.21 (OTTOBRE-DICEMBRE 1979) aA Proposito del Film "Two-Lane Blacktop" di Monte Hellman. Funereo Film Sul Motivo Classico del Viaggio. aCINEMAvPUBBLICAZIONE PERIODICA